书目信息 |
| 题名: |
百例死刑案警示录
|
|
| 作者: | 南海 主编 | |
| 分册: | ||
| 出版信息: | 北京 中国社会出版社 2004 |
|
| 页数: | 642页, [2] 页图版 | |
| 开本: | 21cm | |
| 丛书名: | ||
| 单 册: | ||
| 中图分类: | D924.125 | |
| 科图分类: | ||
| 主题词: | 死刑--si xing--案例--分析--中国 | |
| 电子资源: | ||
| ISBN: | 7-5087-0380-4 | |
| 000 | 00799nam0 2200217 450 | |
| 001 | 012007876358 | |
| 005 | 20080826132854.62 | |
| 010 | @a7-5087-0380-4@dCNY58.00 | |
| 100 | @a20070517d2004 km y0chiy0120 ea | |
| 101 | 0 | @achi |
| 102 | @aCN@b110000 | |
| 105 | @aacf z 000yy | |
| 200 | 1 | @a百例死刑案警示录@Abai li si xing an jing shi lu@f南海主编@Fnan hai zhu bian |
| 210 | @a北京@c中国社会出版社@d2004 | |
| 215 | @a642页, [2] 页图版@c图, 肖像@d21cm | |
| 330 | @a本书以100个真实案例为依据,以流畅的文字、鲜活的人物、生动的案情揭示了犯罪分子冒着付出生命代价为满足个人私欲而犯下的累累罪行,打击了犯罪和邪恶,宣扬和捍卫了法律。 | |
| 606 | 0 | @a死刑@Asi xing@x案例@x分析@y中国 |
| 690 | @aD924.125@v4 | |
| 701 | 0 | @a南海@Anan hai@4主编 |
| 801 | 0 | @aCN@bRULIN@c20080826 |
| 905 | @aZUCC@dD924.125@eN083 | |
| 百例死刑案警示录/南海主编.-北京:中国社会出版社,2004 |
| 642页, [2] 页图版:图, 肖像;21cm |
| ISBN 7-5087-0380-4:CNY58.00 |
| 本书以100个真实案例为依据,以流畅的文字、鲜活的人物、生动的案情揭示了犯罪分子冒着付出生命代价为满足个人私欲而犯下的累累罪行,打击了犯罪和邪恶,宣扬和捍卫了法律。 |
| ● |
| 相关链接 |
|
|
|
正题名:百例死刑案警示录
索取号:D924.125/N083
 
预约/预借
| 序号 | 登录号 | 条形码 | 馆藏地/架位号 | 状态 | 备注 |
| 1 | 714026 | 207140262 | 社科库509/422社科库 38排1列2层/ [索取号:D924.125/N083] | 在馆 | |
| 2 | 714027 | 207140271 | 社科库509/422社科库 38排1列2层/ [索取号:D924.125/N083] | 在馆 | |
| 3 | 714028 | 207140280 | 社科库509/509社科库 98排1列5层/ [索取号:D924.125/N083] | 在馆 |